[Event "Famalicao op 10th"]
[Site "Vila Nova de Famalicao"]
[Date "2023.07.27"]
[Round "6"]
[White "Avelino, Camila Biscaya"]
[Black "Ribeiro, Gustavo"]
[Result "1/2-1/2"]
[WhiteElo "1763"]
[BlackElo "1876"]
[PlyCount "52"]
[EventDate "2023.07.24"]
[EventType "swiss"]
[EventRounds "9"]
[EventCountry "POR"]
[SourceTitle "EXT 2024"]
[Source "ChessBase"]
[SourceDate "2023.10.10"]
[SourceVersion "1"]
[SourceVersionDate "2023.10.10"]
[SourceQuality "1"]

1. e4 c5 2. Nf3 d6 3. d4 cxd4 4. Nxd4 Nf6 5. Nc3 a6 6. Bc4 b5 7. Bb3 e6 8. 0-0 Bb7 9. f4 Nbd7 10. f5 e5 11. Nf3 b4 12. Nd5 Nxd5 13. Bxd5 Qb6+ 14. Kh1 Nf6 15. Bb3 Nxe4 16. Qe2 Be7 17. Ba4+ Kf8 18. Be3 Qc7 19. Nd2 Nxd2 20. Qxd2 d5 21. f6 Bxf6 22. Rxf6 gxf6 23. Qxb4+ Kg7 24. Qg4+ Kf8 25. Qb4+ Kg7 26. Qg4+ Kf8 1/2-1/2

[Event "POR-ch (Women)"]
[Site "Vila Nova de Famalicao"]
[Date "2023.04.23"]
[Round "3"]
[White "Avelino, Camila Biscaya"]
[Black "Monteiro, Sara Cristina da Si"]
[Result "1-0"]
[WhiteElo "1762"]
[BlackElo "1730"]
[PlyCount "58"]
[EventDate "2023.04.22"]
[EventType "swiss"]
[EventRounds "6"]
[EventCountry "POR"]
[SourceTitle "CBM 213 Extra"]
[Source "ChessBase"]
[SourceDate "2023.05.31"]
[SourceVersion "1"]
[SourceVersionDate "2023.05.31"]
[SourceQuality "1"]

1. e4 d5 2. exd5 Qxd5 3. Nc3 Qa5 4. d4 c6 5. Nf3 Nf6 6. Bc4 Bf5 7. Bd2 Nbd7 8. Qe2 e6 9. d5 cxd5 10. Nxd5 Qd8 11. Nd4 Be7 12. Nxf5 exf5 13. Nxe7 Qxe7 14. Qxe7+ Kxe7 15. Bb4+ Kd8 16. Bxf7 Ne4 17. f3 Nec5 18. 0-0-0 Kc7 19. Rhe1 Rad8 20. Re7 Kb6 21. Be6 Nxe6 22. Rxe6+ Kb5 23. Be7 Nc5 24. Rxd8 Rxd8 25. Re5 Rc8 26. Rxf5 Kb6 27. Bxc5+ Rxc5 28. Rxc5 Kxc5 29. Kd2 Kd5 1-0

[Event "POR-ch (Women)"]
[Site "Vila Nova de Famalicao"]
[Date "2023.04.22"]
[Round "2"]
[White "Areal, Maria Beatriz Moura"]
[Black "Avelino, Camila Biscaya"]
[Result "0-1"]
[WhiteElo "1527"]
[BlackElo "1762"]
[PlyCount "26"]
[EventDate "2023.04.22"]
[EventType "swiss"]
[EventRounds "6"]
[EventCountry "POR"]
[SourceTitle "CBM 213 Extra"]
[Source "ChessBase"]
[SourceDate "2023.05.31"]
[SourceVersion "1"]
[SourceVersionDate "2023.05.31"]
[SourceQuality "1"]

1. e4 e5 2. Nf3 Nc6 3. d4 exd4 4. Nxd4 Nf6 5. Nxc6 bxc6 6. Bd3 d5 7. e5 Ng4 8. 0-0 Qh4 9. h3 Nxe5 10. Re1 f6 11. Bf1 Bc5 12. Qe2 0-0 13. g3 Qxg3+ 0-1

[Event "POR-ch (Women)"]
[Site "Leiria"]
[Date "2022.09.12"]
[Round "1"]
[White "Avelino, Camila Biscaya"]
[Black "Areal, Maria Beatriz Moura"]
[Result "1/2-1/2"]
[WhiteElo "1807"]
[BlackElo "1467"]
[PlyCount "44"]
[EventDate "2022.09.12"]
[EventType "swiss"]
[EventRounds "5"]
[EventCountry "POR"]
[SourceTitle "CBM 210 Extra"]
[Source "ChessBase"]
[SourceDate "2022.11.30"]
[SourceVersion "1"]
[SourceVersionDate "2022.11.30"]
[SourceQuality "1"]

1. e4 c5 2. Nf3 Nc6 3. d4 cxd4 4. Nxd4 g6 5. Nc3 Bg7 6. Be3 Nf6 7. Bc4 0-0 8. Bb3 Re8 9. 0-0 d6 10. h3 Na5 11. e5 dxe5 12. Ndb5 b6 13. Nd5 Ba6 14. Nxf6+ Bxf6 15. Ba4 Qxd1 16. Rfxd1 Bxb5 17. Bxb5 Rec8 18. c3 Rc7 19. Rd2 Nb7 20. a4 Nd6 21. Be2 Rac8 22. a5 b5 1/2-1/2

[Event "POR-ch (Women)"]
[Site "Evora"]
[Date "2021.09.10"]
[Round "6"]
[White "Pipiras, Filipa Fortuna"]
[Black "Avelino, Camila Biscaya"]
[Result "1/2-1/2"]
[WhiteElo "2007"]
[BlackElo "1816"]
[PlyCount "181"]
[EventDate "2021.09.07"]
[EventType "tourn"]
[EventRounds "6"]
[EventCountry "POR"]
[SourceTitle "EXT 2022"]
[Source "ChessBase"]
[SourceDate "2021.10.06"]
[SourceVersion "1"]
[SourceVersionDate "2021.10.06"]
[SourceQuality "1"]

1. d4 Nf6 2. c4 g6 3. Nc3 Bg7 4. e4 d6 5. Be2 Nbd7 6. Be3 0-0 7. g4 e5 8. d5 Ne8 9. Qd2 c6 10. dxc6 bxc6 11. h4 Qa5 12. h5 Rb8 13. Nh3 Ndf6 14. hxg6 fxg6 15. f3 Rf7 16. Ng5 Rfb7 17. Rb1 Bf8 18. Kf2 Rg7 19. a3 Qc7 20. b4 Qb7 21. Qa2 Nc7 22. a4 Ne6 23. Nxe6 Bxe6 24. b5 c5 25. a5 Rf7 26. Kg3 Nd7 27. Rb2 Qc8 28. Rhb1 Qd8 29. Bd2 Be7 30. Rh1 Bg5 31. Rbb1 Qf6 32. Rbf1 Bf4+ 33. Kg2 Qg5 34. Be1 Be3 35. Bh4 Qf4 36. Nd1 Rxb5 37. Qa3 Bc1 38. Qd3 Rxa5 39. Qxd6 Nf8 40. Bg3 Qd2 41. Qxd2 Bxd2 42. Bxe5 Ra2 43. Rf2 Bb4 44. Ne3 Nd7 45. Bd6 a5 46. Nd5 Bxd5 47. cxd5 Bc3 48. Bb5 Rxf2+ 49. Kxf2 Ne5 50. Bxe5 Bxe5 51. d6 Rb7 52. d7 Bf6 53. e5 Rxb5 54. exf6 Rb8 55. Re1 Kf8 56. Re7 h5 57. gxh5 gxh5 58. Rh7 Kg8 59. Rxh5 Kf7 60. Rxc5 Rd8 61. Rxa5 Rxd7 62. Ra6 Rb7 63. Kg3 Rb4 64. f4 Rb3+ 65. Kg4 Rb5 66. Rc6 Ra5 67. Rc7+ Kxf6 68. Rc6+ Kf7 69. Rc7+ Kf6 70. Rh7 Rb5 71. Rh6+ Kf7 72. Ra6 Rc5 73. Kf3 Rb5 74. Ra4 Kf6 75. Ke4 Ke6 76. f5+ Kf6 77. Ra6+ Kf7 78. Kf4 Rb1 79. Ra4 Kf6 80. Ra6+ Kf7 81. Kg5 Rg1+ 82. Kh6 Rh1+ 83. Kg5 Rg1+ 84. Kf4 Rf1+ 85. Ke4 Re1+ 86. Kd4 Rd1+ 87. Ke3 Rf1 88. Ke4 Re1+ 89. Kd4 Rd1+ 90. Ke3 Rf1 91. Ke4 1/2-1/2

[Event "POR-ch (Women)"]
[Site "Evora"]
[Date "2021.09.07"]
[Round "1"]
[White "Duque, Raquel Dos Santos"]
[Black "Avelino, Camila Biscaya"]
[Result "0-1"]
[WhiteElo "1450"]
[BlackElo "1816"]
[PlyCount "74"]
[EventDate "2021.09.07"]
[EventType "tourn"]
[EventRounds "6"]
[EventCountry "POR"]
[SourceTitle "EXT 2022"]
[Source "ChessBase"]
[SourceDate "2021.10.06"]
[SourceVersion "1"]
[SourceVersionDate "2021.10.06"]
[SourceQuality "1"]

1. c4 c5 2. b3 e5 3. Bb2 Nc6 4. g3 Nge7 5. Bg2 d6 6. e3 g6 7. d4 exd4 8. exd4 Bg7 9. Ne2 Nf5 10. Nbc3 Ncxd4 11. Nb5 Nxb5 12. Bxg7 Nxg7 13. cxb5 0-0 14. 0-0 Rb8 15. Qd2 Be6 16. Rad1 Nf5 17. g4 Nh4 18. h3 Nxg2 19. Kxg2 d5 20. Nf4 d4 21. Nxe6 Qd5+ 22. f3 fxe6 23. h4 Rf7 24. Qd3 Rbf8 25. Rde1 Rf4 26. Kg3 e5 27. Rf2 Kg7 28. Re4 Rxe4 29. fxe4 Qd6 30. Rxf8 Qxf8 31. Qd2 b6 32. h5 Qf1 33. Qg5 Qf6 34. Qd2 g5 35. Qc1 Qf4+ 36. Qxf4 gxf4+ 37. Kf3 Kf6 0-1

[Event "Pombal op 11th"]
[Site "Pombal"]
[Date "2020.10.04"]
[Round "4"]
[White "Avelino, Camila Biscaya"]
[Black "Morais, Vitor Mestre"]
[Result "1-0"]
[WhiteElo "1797"]
[BlackElo "1949"]
[PlyCount "113"]
[EventDate "2020.10.02"]
[EventType "swiss"]
[EventRounds "7"]
[EventCountry "POR"]
[SourceTitle "CBM 198 Extra"]
[Source "ChessBase"]
[SourceDate "2020.11.30"]
[SourceVersion "1"]
[SourceVersionDate "2020.11.30"]
[SourceQuality "1"]

1. e4 d5 2. exd5 Qxd5 3. Nc3 Qd6 4. d4 a6 5. g3 Nf6 6. Bg2 g6 7. Nge2 Bg7 8. 0-0 0-0 9. Bf4 Qd8 10. Nc1 Nh5 11. Be3 Nc6 12. Nb3 e5 13. d5 Ne7 14. Bc5 f5 15. d6 cxd6 16. Qxd6 Qxd6 17. Bxd6 Re8 18. Bxe7 Rxe7 19. Nd5 Kf7 20. Nxe7 Kxe7 21. Rfe1 Rb8 22. Rad1 b5 23. Nd4 Bd7 24. Bc6 Be6 25. Nf3 Rb6 26. Bd5 Bxd5 27. Rxd5 e4 28. b3 Bc3 29. Re3 Nf6 30. Rd1 b4 31. h3 h6 32. Nh4 Kf7 33. f3 Re6 34. fxe4 Nxe4 35. Kg2 Bf6 36. Nf3 Bc3 37. Ne1 g5 38. Nd3 Rf6 39. Nf2 Nxf2 40. Kxf2 Kg6 41. Red3 f4 42. Rd6 fxg3+ 43. Kg2 Be5 44. Rxf6+ Kxf6 45. Rd8 h5 46. Ra8 h4 47. Rxa6+ Kf5 48. Ra8 Ke4 49. Rc8 Kf5 50. Rc5 Kf6 51. Rc4 Bd6 52. c3 bxc3 53. Rxc3 Kf5 54. Rc4 Bf4 55. a4 g4 56. b4 gxh3+ 57. Kxh3 1-0

[Event "POR-ch (Women)"]
[Site "Odivelas"]
[Date "2020.09.11"]
[Round "2"]
[White "Avelino, Camila Biscaya"]
[Black "Monteiro, Sara Cristina da Si"]
[Result "1-0"]
[WhiteElo "1732"]
[BlackElo "1709"]
[PlyCount "55"]
[EventDate "2020.09.10"]
[EventType "swiss"]
[EventRounds "5"]
[EventCountry "POR"]
[SourceTitle "CBM 198 Extra"]
[Source "ChessBase"]
[SourceDate "2020.11.30"]
[SourceVersion "1"]
[SourceVersionDate "2020.11.30"]
[SourceQuality "1"]

1. e4 d5 2. exd5 Qxd5 3. Nc3 Qa5 4. d4 Nf6 5. Nf3 Bg4 6. h3 Bh5 7. g4 Bg6 8. Bb5+ c6 9. Bc4 e6 10. Bd2 Qb6 11. Qe2 Bxc2 12. d5 Qxb2 13. 0-0 cxd5 14. Nxd5 Nxd5 15. Bxd5 Be7 16. Rfe1 0-0 17. Bxe6 Nc6 18. Bd5 Rae8 19. Rac1 Nd4 20. Nxd4 Qxd4 21. Bxf7+ Rxf7 22. Rxc2 Rff8 23. Qe6+ Kh8 24. Bg5 Qa4 25. Rce2 Bc5 26. Qxe8 Bxf2+ 27. Kh2 Qa3 28. Qxf8+ 1-0

[Event "POR-ch (Women)"]
[Site "Odivelas"]
[Date "2020.09.10"]
[Round "1"]
[White "Maissa, Susana Flora Cesana"]
[Black "Avelino, Camila Biscaya"]
[Result "0-1"]
[WhiteElo "1367"]
[BlackElo "1732"]
[PlyCount "90"]
[EventDate "2020.09.10"]
[EventType "swiss"]
[EventRounds "5"]
[EventCountry "POR"]
[SourceTitle "CBM 198 Extra"]
[Source "ChessBase"]
[SourceDate "2020.11.30"]
[SourceVersion "1"]
[SourceVersionDate "2020.11.30"]
[SourceQuality "1"]

1. d4 Nf6 2. Bf4 g6 3. e3 Bg7 4. c4 d6 5. Be2 0-0 6. Nf3 c5 7. 0-0 Nh5 8. Bg5 h6 9. Bh4 g5 10. Bg3 Nxg3 11. hxg3 cxd4 12. exd4 Qb6 13. Qb3 Qxb3 14. axb3 g4 15. Nh2 h5 16. Rd1 Nc6 17. d5 Nd4 18. Bd3 Nxb3 19. Ra2 Bd7 20. Nd2 Nxd2 21. Rxd2 Bd4 22. Bc2 Bc5 23. Nf1 e5 24. Ba4 Bxa4 25. Rxa4 a5 26. Re2 b6 27. Nd2 f5 28. Kh2 Kg7 29. Nb3 Bb4 30. f3 Rac8 31. Rc2 f4 32. Ra1 fxg3+ 33. Kxg3 Rf4 34. Rf1 Rcxc4 35. Re2 Kg6 36. Rd1 Kg5 37. Nd2 Bxd2 38. Rdxd2 Rfd4 39. Kf2 Rxd2 40. Rxd2 Kf4 41. g3+ Kf5 42. Re2 gxf3 43. Kxf3 Rd4 44. Rh2 Kg5 45. Rc2 Rxd5 0-1

[Event "Online Olym Div2 C"]
[Site "Chess.com INT"]
[Date "2020.08.15"]
[Round "5.6"]
[White "Avelino, Camila Biscaya"]
[Black "Van Foreest, Machteld"]
[Result "0-1"]
[WhiteElo "1732"]
[BlackElo "2161"]
[PlyCount "86"]
[EventDate "2020.08.14"]
[EventType "team-tourn (rapid)"]
[EventRounds "9"]
[EventCountry "USA"]
[SourceTitle "CBM 198"]
[Source "ChessBase"]
[SourceDate "2020.10.31"]
[SourceVersion "1"]
[SourceVersionDate "2020.10.31"]
[SourceQuality "1"]
[WhiteTeam "Portugal"]
[BlackTeam "Netherlands"]
[WhiteTeamCountry "POR"]
[BlackTeamCountry "NED"]

1. e4 e5 2. Nf3 Nc6 3. Bb5 Nf6 4. 0-0 Nxe4 5. d4 Nd6 6. Bxc6 dxc6 7. dxe5 Nf5 8. Qxd8+ Kxd8 9. Nc3 h5 10. Bg5+ Ke8 11. Rad1 Be6 12. Ne4 Be7 13. Bxe7 Kxe7 14. b3 Bd5 15. Rfe1 Rad8 16. c4 Bxe4 17. Rxd8 Rxd8 18. Rxe4 c5 19. Kf1 Nd4 20. Nxd4 Rxd4 21. Re3 Rd2 22. a4 Ke6 23. h4 b6 24. g3 a6 25. Ke1 Rb2 26. Kf1 c6 27. Ke1 g6 28. f4 b5 29. Rc3 bxa4 30. bxa4 Ra2 31. Rd3 Rxa4 32. Rd6+ Kf5 33. Rxc6 Kg4 34. Rf6 Rxc4 35. Rxf7 Kxg3 36. Rf6 a5 37. Rxg6+ Kxf4 38. Rg5 Re4+ 39. Kd2 Rxe5 40. Rg8 Ke4 41. Kc3 Kf4 42. Kc4 a4 43. Rg1 Kf3 0-1

[Event "Lisbon Portugal op"]
[Site "Lisbon"]
[Date "2020.01.25"]
[Round "1"]
[White "Sousa, Andre Ventura"]
[Black "Avelino, Camila Biscaya"]
[Result "1-0"]
[WhiteElo "2391"]
[BlackElo "1802"]
[PlyCount "53"]
[EventDate "2020.01.25"]
[EventType "swiss"]
[EventRounds "9"]
[EventCountry "POR"]
[SourceTitle "CBM 194"]
[Source "ChessBase"]
[SourceDate "2020.01.27"]
[SourceVersion "1"]
[SourceVersionDate "2020.01.27"]
[SourceQuality "1"]

1. Nf3 Nf6 2. g3 g6 3. Bg2 Bg7 4. 0-0 0-0 5. d4 d6 6. Nc3 Nbd7 7. e4 e5 8. h3 exd4 9. Nxd4 Nc5 10. Bf4 Ne6 11. Nxe6 fxe6 12. Qd2 Nh5 13. Bg5 Bf6 14. Bh6 Bg7 15. Bg5 Bf6 16. Be3 e5 17. Nd5 Bg7 18. Bg5 Nf6 19. f4 Be6 20. fxe5 dxe5 21. Nxf6+ Bxf6 22. Rxf6 Rxf6 23. Qxd8+ Rxd8 24. Bxf6 Rd2 25. Rc1 Bxa2 26. b3 a5 27. Bg5 1-0